| 000 | nam a22 7a 4500 | ||
|---|---|---|---|
| 999 |
_c129485 _d129485 |
||
| 008 | 190426b xxu||||| |||| 00| 0 eng d | ||
| 050 | _aBX1938.P3 F554 | ||
| 100 |
_aFitzgerald, William Francis _946043 |
||
| 245 |
_aThe parish census and the liber status American: _ba historical synopsis and a commentary _c/ by William Francis Fitzgerald |
||
| 260 |
_aWashington, D.C.: _bThe Catholic University of America, _c1954. |
||
| 300 |
_avi, 111p. ; _c23cm. |
||
| 440 |
_aThe Catholic University of america Canon Law Studies _nno.339 _946044 |
||
| 650 |
_aParishes _xCanon law _946045 |
||
| 942 |
_2lcc _cMONOGRAPH |
||